| 000 | 00596nam a2200217Ia 4500 | ||
|---|---|---|---|
| 003 | OSt | ||
| 005 | 20230503095550.0 | ||
| 008 | 210423s2010 xx 000 0 und d | ||
| 020 | _a9788126518678 | ||
| 040 | _cAL | ||
| 041 | _aeng | ||
| 082 |
_a537.622 TYAM _223 |
||
| 100 |
_aTYAGI (M S). _994630 |
||
| 245 | _aIntroduction to semiconductor materials and devices. | ||
| 260 |
_aNew Delhi _bWiley India Pvt Ltd _c2010 |
||
| 300 |
_axvii,669 _bPB |
||
| 365 |
_b325 _cINR |
||
| 650 |
_aElectricity _994631 |
||
| 906 | _adevices. ; Introduction ; materials ; semiconductor | ||
| 942 |
_2ddc _cBK |
||
| 999 |
_c161909 _d161909 |
||